The Monk Who Sold His Feerai (Record no. 5535)

MARC details
000 -LEADER
fixed length control field 00363nam a22001337a 4500
005 - DATE AND TIME OF LATEST TRANSACTION
control field 20170824153416.0
008 - FIXED-LENGTH DATA ELEMENTS--GENERAL INFORMATION
fixed length control field 170824b xxu||||| |||| 00| 0 eng d
041 ## - LANGUAGE CODE
Language code of text/sound track or separate title eng
100 ## - MAIN ENTRY--AUTHOR NAME
Personal name Sharma,Robin
245 ## - TITLE STATEMENT
Title The Monk Who Sold His Feerai
Medium [electronic resource]
260 ## - PUBLICATION, DISTRIBUTION, ETC. (IMPRINT)
Name of publisher Jaico Publication
300 ## - PHYSICAL DESCRIPTION
Number of Pages 1 CD-ROM
Accompanying material Received along with book.
942 ## - ADDED ENTRY ELEMENTS (KOHA)
Koha item type CD/DVD
Holdings
Lost status Damaged status Home library Current library Date acquired Accession Number Koha item type
    JRU Library   16/08/2016 TMSH0001 CD/DVD